[Event "Nuremberg Zabo op 23rd"]
[Site "Nuremberg"]
[Date "2023.09.15"]
[Round "1"]
[White "Roth, Jakob"]
[Black "Ruderer, Maximilian"]
[Result "1-0"]
[WhiteElo "2076"]
[BlackElo "1896"]
[PlyCount "65"]
[EventDate "2023.09.15"]
[EventType "swiss"]
[EventRounds "5"]
[EventCountry "GER"]
[SourceTitle "EXT 2024"]
[Source "ChessBase"]
[SourceDate "2023.10.10"]
[SourceVersion "1"]
[SourceVersionDate "2023.10.10"]
[SourceQuality "1"]

1. d4 d5 2. c4 e6 3. Nc3 Nf6 4. cxd5 Nxd5 5. Nf3 Be7 6. e4 Nxc3 7. bxc3 0-0 8. Bd3 c5 9. 0-0 Nc6 10. d5 exd5 11. exd5 Nb8 12. h3 Bf6 13. Rb1 Nd7 14. Qc2 h6 15. Bf4 Nb6 16. c4 Bd7 17. Qd2 g5 18. Bd6 Be7 19. Bg3 Kg7 20. Rfe1 f5 21. Bc7 Qxc7 22. Rxe7+ Rf7 23. Qc3+ Kg8 24. Rxf7 Kxf7 25. Ne5+ Kg8 26. Nxd7 Nxd7 27. Bxf5 Rf8 28. Be6+ Kh7 29. Qd3+ Kg7 30. d6 Qc8 31. Re1 Qe8 32. Qc3+ Rf6 33. Bxd7 1-0

[Event "Mittelfranken-chTB2b 1718"]
[Site "Mittelfranken"]
[Date "2018.02.18"]
[Round "5.5"]
[White "Ruderer, Maximilian"]
[Black "Abmayr, Bernhard"]
[Result "1/2-1/2"]
[WhiteElo "1779"]
[BlackElo "1732"]
[PlyCount "62"]
[EventDate "2017.10.08"]
[EventType "team-tourn"]
[EventRounds "9"]
[EventCountry "GER"]
[SourceTitle "EXT 2022"]
[Source "ChessBase"]
[SourceDate "2021.10.06"]
[SourceVersion "1"]
[SourceVersionDate "2021.10.06"]
[SourceQuality "1"]
[WhiteTeam "Heideck/Hilpoltstein"]
[BlackTeam "Uttenreuth"]
[WhiteTeamCountry "GER"]
[BlackTeamCountry "GER"]

1. e4 e5 2. Nf3 Nc6 3. Bb5 a6 4. Ba4 Nf6 5. 0-0 b5 6. Bb3 Be7 7. Re1 0-0 8. c3 d6 9. h3 Na5 10. Bc2 c5 11. d4 Qc7 12. Bg5 h6 13. Bh4 Nc6 14. d5 Na5 15. Bxf6 Bxf6 16. Nbd2 Bd7 17. b3 Nb7 18. Nf1 a5 19. Ne3 a4 20. bxa4 bxa4 21. Rb1 Rfb8 22. Qe2 Na5 23. Nd2 Bg5 24. c4 Ra7 25. Rxb8+ Qxb8 26. Rb1 Rb7 27. Qd1 Bxe3 28. fxe3 Rb2 29. Qc1 Rxb1 30. Qxb1 Qxb1+ 31. Bxb1 Kh7 1/2-1/2

[Event "Mittelfranken-chTB2b 1718"]
[Site "Mittelfranken"]
[Date "2017.10.08"]
[Round "1.5"]
[White "Glaesel, Norbert"]
[Black "Ruderer, Maximilian"]
[Result "0-1"]
[WhiteElo "1292"]
[BlackElo "1779"]
[PlyCount "80"]
[EventDate "2017.10.08"]
[EventType "team-tourn"]
[EventRounds "9"]
[EventCountry "GER"]
[SourceTitle "EXT 2022"]
[Source "ChessBase"]
[SourceDate "2021.10.06"]
[SourceVersion "1"]
[SourceVersionDate "2021.10.06"]
[SourceQuality "1"]
[WhiteTeam "Schnaittach"]
[BlackTeam "Heideck/Hilpoltstein"]
[WhiteTeamCountry "GER"]
[BlackTeamCountry "GER"]

1. d4 d5 2. c4 e6 3. Nc3 Nf6 4. Bg5 Be7 5. Bxf6 Bxf6 6. Nf3 0-0 7. e3 b6 8. Bd3 Bb7 9. 0-0 Nd7 10. Rc1 Qe7 11. a3 dxc4 12. Bxc4 c5 13. Qd3 cxd4 14. Nxd4 Rfd8 15. Nce2 Nc5 16. Qb1 e5 17. Nf5 Qf8 18. Nfg3 Rd2 19. b4 Ne6 20. Bd3 Rd8 21. Bxh7+ Kh8 22. Qf5 Ng5 23. Nh5 Nxh7 24. Nxf6 Nxf6 25. Ng3 Qe7 26. Qh3+ Kg8 27. Nf5 Qe6 28. Nh6+ gxh6 29. Qxe6 fxe6 30. Rc7 Ba6 31. Re1 Rd1 32. Rc1 Be2 33. Rcxd1 Rxd1 34. Rxd1 Bxd1 35. f3 Kf7 36. Kf2 e4 37. f4 Nd5 38. h3 h5 39. g4 hxg4 40. h4 Kg6 0-1

[Event "Mittelfranken-chT2b 1617"]
[Site "Mittelfranken"]
[Date "2017.01.22"]
[Round "5.6"]
[White "Ruderer, Maximilian"]
[Black "Albayrak, Aylin"]
[Result "1-0"]
[WhiteElo "1763"]
[BlackElo "1600"]
[PlyCount "63"]
[EventDate "2016.10.23"]
[EventType "team-tourn"]
[EventRounds "9"]
[EventCountry "GER"]
[SourceTitle "EXT 2022"]
[Source "ChessBase"]
[SourceDate "2021.10.06"]
[SourceVersion "1"]
[SourceVersionDate "2021.10.06"]
[SourceQuality "1"]
[WhiteTeam "Heideck/Hilpoltstein"]
[BlackTeam "Nuernberg Zabo Eintracht II"]
[WhiteTeamCountry "GER"]
[BlackTeamCountry "GER"]

1. e4 e6 2. d4 d5 3. e5 c5 4. c3 cxd4 5. cxd4 Nc6 6. Nc3 Qb6 7. Nf3 Nge7 8. Bd3 Bd7 9. Be3 Qxb2 10. Nb5 Kd8 11. Rb1 Qxa2 12. Nd6 Be8 13. Ng5 Ng6 14. Bxg6 Bxd6 15. Bxf7 Bb4+ 16. Kf1 h6 17. Nxe6+ Ke7 18. Bxe8 Raxe8 19. Nxg7 Ref8 20. g3 Rf7 21. Nh5 a5 22. Kg2 Qc4 23. Nf6 b5 24. Qg4 Rd8 25. Rhc1 Bc3 26. Rxc3 Qxc3 27. Rc1 Nxe5 28. Qf5 Qb4 29. Rc7+ Nd7 30. Nxd5+ Ke8 31. Qe6+ Re7 32. Qg8+ 1-0

[Event "Mittelfranken-chTB2b 1516"]
[Site "Mittelfranken"]
[Date "2016.02.28"]
[Round "7.8"]
[White "Ruderer, Maximilian"]
[Black "Justi, Fabian"]
[Result "1-0"]
[WhiteElo "1768"]
[BlackElo "1750"]
[PlyCount "69"]
[EventDate "2015.10.18"]
[EventType "team-tourn"]
[EventRounds "9"]
[EventCountry "GER"]
[SourceTitle "EXT 2020"]
[Source "ChessBase"]
[SourceDate "2019.10.17"]
[SourceVersion "1"]
[SourceVersionDate "2019.10.17"]
[SourceQuality "1"]
[WhiteTeam "Heideck/Hilpoltstein"]
[BlackTeam "Forchheim III"]
[WhiteTeamCountry "GER"]
[BlackTeamCountry "GER"]

1. e4 d5 2. exd5 Qxd5 3. d4 Nf6 4. Nf3 a6 5. Nbd2 e6 6. Bc4 Qd6 7. 0-0 b5 8. Be2 Bb7 9. a4 Qb6 10. c3 c5 11. Qb3 b4 12. Nc4 Qc7 13. Be3 Ng4 14. dxc5 Bxf3 15. Nd6+ Bxd6 16. Bxf3 Bxh2+ 17. Kh1 Nxe3 18. fxe3 Ra7 19. cxb4 Bg3 20. c6 0-0 21. Rfd1 Rc8 22. Rac1 Qe7 23. Kg1 Rd8 24. b5 axb5 25. axb5 Rxd1+ 26. Rxd1 Rc7 27. b6 Rxc6 28. Bxc6 Nxc6 29. Qa4 g6 30. Qxc6 Qg5 31. Qf3 Be5 32. Rd7 Bf6 33. b7 Qe5 34. b8Q+ Qxb8 35. Qxf6 1-0

[Event "Mittelfranken-chTB2b 1516"]
[Site "Mittelfranken"]
[Date "2015.10.18"]
[Round "1.8"]
[White "Ruderer, Maximilian"]
[Black "Faralisz, Patrick"]
[Result "0-1"]
[WhiteElo "1768"]
[BlackElo "1893"]
[PlyCount "94"]
[EventDate "2015.10.18"]
[EventType "team-tourn"]
[EventRounds "9"]
[EventCountry "GER"]
[SourceTitle "EXT 2020"]
[Source "ChessBase"]
[SourceDate "2019.10.17"]
[SourceVersion "1"]
[SourceVersionDate "2019.10.17"]
[SourceQuality "1"]
[WhiteTeam "Heideck/Hilpoltstein"]
[BlackTeam "Nuernberg NT IV"]
[WhiteTeamCountry "GER"]
[BlackTeamCountry "GER"]

1. e4 c5 2. Nf3 Nc6 3. Bc4 g6 4. 0-0 Bg7 5. Nc3 d6 6. d3 Nf6 7. Bd2 0-0 8. Qc1 Bg4 9. Ng5 Nd4 10. f3 Bd7 11. Re1 h6 12. Nxf7 Rxf7 13. Bxf7+ Kxf7 14. Nd5 e6 15. Nxf6 Qxf6 16. c3 Nc6 17. Bxh6 Bxh6 18. Qxh6 Rh8 19. Qd2 Qh4 20. g3 Qh6 21. Qxh6 Rxh6 22. f4 e5 23. Rf1 Ke7 24. f5 g5 25. Kg2 g4 26. Rh1 Rh3 27. b3 Kf6 28. Rab1 a6 29. Rhc1 a5 30. a4 Ne7 31. b4 axb4 32. cxb4 cxb4 33. Rxb4 Bc6 34. a5 Rh8 35. Ra1 Nxf5 36. a6 bxa6 37. Rxa6 Ne7 38. Rbb6 Rc8 39. Kf2 Ke6 40. Ke3 Rc7 41. Ke2 Kd7 42. Ke3 Rb7 43. d4 Kc7 44. Rxb7+ Bxb7 45. Ra5 Nc6 46. Ra1 Nxd4 47. Rf1 Nc2+ 0-1

[Event "Landesliga U20 Nord 1415"]
[Site "Bayern"]
[Date "2015.01.24"]
[Round "4.1"]
[White "Fritsch, Julian"]
[Black "Ruderer, Maximilian"]
[Result "0-1"]
[WhiteElo "1552"]
[BlackElo "1768"]
[PlyCount "75"]
[EventDate "2014.11.15"]
[EventType "team-tourn"]
[EventRounds "7"]
[EventCountry "GER"]
[SourceTitle "EXT 2022"]
[Source "ChessBase"]
[SourceDate "2021.10.06"]
[SourceVersion "1"]
[SourceVersionDate "2021.10.06"]
[SourceQuality "1"]
[WhiteTeam "Kelheim SK U20"]
[BlackTeam "Heideck/Hilpoltstein U20"]
[WhiteTeamCountry "GE2"]
[BlackTeamCountry "GER"]

1. d4 e6 2. c4 d5 3. cxd5 exd5 4. Nf3 Bd6 5. Nc3 c6 6. g3 Be6 7. Bg2 Ne7 8. 0-0 f5 9. Ng5 Qc8 10. Nxe6 Qxe6 11. e3 h5 12. Ne2 Nd7 13. Nf4 Qh6 14. h4 g5 15. hxg5 Qxg5 16. Nh3 Qg7 17. Re1 0-0-0 18. Qa4 Kb8 19. b4 h4 20. b5 hxg3 21. f3 c5 22. Ba3 Nb6 23. Qd1 c4 24. Bc5 Nec8 25. a4 Nd7 26. Ba3 Rh6 27. a5 Rdh8 28. Nf4 Bxf4 29. exf4 Rh4 30. Bc5 Qh6 31. Kf1 Rh1+ 32. Ke2 Re8+ 33. Kd2 Qxf4+ 34. Kc3 Rhxe1 35. Qxe1 Rxe1 36. Rxe1 b6 37. axb6 axb6 38. Bf8 0-1

[Event "Landesliga U20 Nord 1415"]
[Site "Bayern"]
[Date "2015.01.24"]
[Round "5.1"]
[White "Sammet, Dominik"]
[Black "Ruderer, Maximilian"]
[Result "0-1"]
[WhiteElo "1760"]
[BlackElo "1768"]
[PlyCount "58"]
[EventDate "2014.11.15"]
[EventType "team-tourn"]
[EventRounds "7"]
[EventCountry "GER"]
[SourceTitle "EXT 2022"]
[Source "ChessBase"]
[SourceDate "2021.10.06"]
[SourceVersion "1"]
[SourceVersionDate "2021.10.06"]
[SourceQuality "1"]
[WhiteTeam "Regensburg Bavaria U20 II"]
[BlackTeam "Heideck/Hilpoltstein U20"]
[WhiteTeamCountry "GER"]
[BlackTeamCountry "GER"]

1. e4 e6 2. d4 b6 3. Nc3 Bb7 4. Bc4 Bb4 5. Nge2 Bxe4 6. 0-0 Bb7 7. a3 Bxc3 8. Nxc3 Nf6 9. Bg5 d6 10. Qe2 0-0 11. d5 exd5 12. Bxd5 c6 13. Be4 h6 14. Bh4 d5 15. Bd3 Qd6 16. Qf3 Nbd7 17. Rfe1 Rfe8 18. Bg3 Qf8 19. Kh1 Re7 20. Rg1 Qe8 21. Bh4 Ne5 22. Qg3 Nh5 23. Qh3 Nxd3 24. Qxd3 Re6 25. Qf3 Nf6 26. g4 g5 27. Bg3 Qe7 28. h4 Nh7 29. h5 d4 0-1

[Event "Mittelfranken-chTB2b 1415"]
[Site "Mittelfranken"]
[Date "2014.11.16"]
[Round "3.7"]
[White "Ruderer, Maximilian"]
[Black "Gueldner, Udo"]
[Result "1/2-1/2"]
[WhiteElo "1768"]
[BlackElo "1791"]
[PlyCount "89"]
[EventDate "2014.09.28"]
[EventType "team-tourn"]
[EventRounds "9"]
[EventCountry "GER"]
[SourceTitle "EXT 2020"]
[Source "ChessBase"]
[SourceDate "2019.10.17"]
[SourceVersion "1"]
[SourceVersionDate "2019.10.17"]
[SourceQuality "1"]
[WhiteTeam "Heideck/Hilpoltstein"]
[BlackTeam "Forchheim III"]
[WhiteTeamCountry "GER"]
[BlackTeamCountry "GER"]

1. e4 d6 2. d4 Nf6 3. Bd3 g6 4. Bg5 Bg7 5. c3 0-0 6. Bxf6 Bxf6 7. Ne2 e5 8. d5 Nd7 9. 0-0 Bg7 10. Na3 Nc5 11. Rb1 Nxd3 12. Qxd3 f5 13. f3 Bd7 14. Nc2 Bh6 15. Ng3 f4 16. Ne2 g5 17. g4 Bg7 18. Kf2 h5 19. h3 hxg4 20. hxg4 Kf7 21. Rh1 Rh8 22. Rxh8 Qxh8 23. Kg2 Qe8 24. Rh1 Qe7 25. Qd1 Rh8 26. Rxh8 Bxh8 27. Qh1 Bf6 28. c4 Qf8 29. Nc3 a6 30. b4 Qh8 31. Qxh8 Bxh8 32. b5 Ke8 33. bxa6 bxa6 34. a4 c5 35. Na1 Kd8 36. Kf2 Kc7 37. Nb3 Kb6 38. Ke2 Bf6 39. Kd2 Bd8 40. Kc2 Kb7 41. Kb2 Bc7 42. Ka3 Bd8 43. Nd1 Bc7 44. Nf2 Bd8 45. Nd3 1/2-1/2

[Event "Mittelfranken-chTB2b 1314"]
[Site "Mittelfranken"]
[Date "2014.03.09"]
[Round "7.8"]
[White "Moskowicz, Daniel"]
[Black "Ruderer, Maximilian"]
[Result "0-1"]
[WhiteElo "1511"]
[BlackElo "1768"]
[PlyCount "46"]
[EventDate "2013.10.20"]
[EventType "team-tourn"]
[EventRounds "9"]
[EventCountry "GER"]
[SourceTitle "EXT 2020"]
[Source "ChessBase"]
[SourceDate "2019.10.17"]
[SourceVersion "1"]
[SourceVersionDate "2019.10.17"]
[SourceQuality "1"]
[WhiteTeam "Forchheim III"]
[BlackTeam "Heideck/Hilpoltstein"]
[WhiteTeamCountry "GER"]
[BlackTeamCountry "GER"]

1. e4 c5 2. Nf3 Nc6 3. d4 cxd4 4. Nxd4 e5 5. Nb5 d6 6. N1c3 a6 7. Na3 Nge7 8. Nc4 Nd4 9. Be3 Nec6 10. Nd5 Be6 11. c3 Nb5 12. Bb6 Qh4 13. Qd3 Bxd5 14. Qxd5 Qe7 15. a4 Nc7 16. Bxc7 Qxc7 17. Be2 Be7 18. 0-0 0-0 19. b4 Rfd8 20. Rfd1 Bf8 21. Rd2 Ne7 22. Qa5 Qc6 23. Rad1 Ng6 0-1

[Event "Mittelfranken-chTB2b 1314"]
[Site "Mittelfranken"]
[Date "2014.01.12"]
[Round "4.8"]
[White "Ruderer, Maximilian"]
[Black "Mettal, Thomas"]
[Result "1/2-1/2"]
[WhiteElo "1768"]
[BlackElo "1673"]
[PlyCount "83"]
[EventDate "2013.10.20"]
[EventType "team-tourn"]
[EventRounds "9"]
[EventCountry "GER"]
[SourceTitle "EXT 2020"]
[Source "ChessBase"]
[SourceDate "2019.10.17"]
[SourceVersion "1"]
[SourceVersionDate "2019.10.17"]
[SourceQuality "1"]
[WhiteTeam "Heideck/Hilpoltstein"]
[BlackTeam "Bubenreuth/Moehrendorf"]
[WhiteTeamCountry "GER"]
[BlackTeamCountry "GER"]

1. e4 e6 2. d4 d5 3. exd5 exd5 4. Bd3 Bd6 5. Nf3 Bg4 6. 0-0 Ne7 7. c3 Qd7 8. Bg5 Nbc6 9. Re1 0-0 10. Nbd2 Rfe8 11. Qc2 Bf5 12. Re2 Bxd3 13. Qxd3 Ng6 14. Rae1 h6 15. Rxe8+ Rxe8 16. Rxe8+ Qxe8 17. Qe3 Qxe3 18. Bxe3 b5 19. b4 a5 20. a3 a4 21. Ne1 f5 22. f3 Nf4 23. Kf1 Kf7 24. g3 Nh5 25. Nd3 g5 26. f4 gxf4 27. Bxf4 Bxf4 28. gxf4 Nd8 29. Kf2 Ne6 30. Ke3 Ke7 31. Nf1 Kf6 32. Ng3 Nxg3 33. hxg3 h5 34. Ne5 Ke7 35. Kf3 Kf6 36. Nc6 Kf7 37. Na7 Ke7 38. Nxb5 Kd7 39. Ke3 c6 40. Na7 Nc7 41. Kd3 Nb5 42. Nxb5 1/2-1/2

[Event "Mittelfranken-chTB2b 1314"]
[Site "Mittelfranken"]
[Date "2013.11.17"]
[Round "2.8"]
[White "Ruderer, Maximilian"]
[Black "Hummel, Andreas"]
[Result "1/2-1/2"]
[WhiteElo "1768"]
[BlackElo "1657"]
[PlyCount "46"]
[EventDate "2013.10.20"]
[EventType "team-tourn"]
[EventRounds "9"]
[EventCountry "GER"]
[SourceTitle "EXT 2020"]
[Source "ChessBase"]
[SourceDate "2019.10.17"]
[SourceVersion "1"]
[SourceVersionDate "2019.10.17"]
[SourceQuality "1"]
[WhiteTeam "Heideck/Hilpoltstein"]
[BlackTeam "Buechenbach/Roth III"]
[WhiteTeamCountry "GER"]
[BlackTeamCountry "GER"]

1. d4 Nf6 2. c4 e6 3. Nc3 Bb4 4. Nf3 0-0 5. Bg5 h6 6. Bh4 d5 7. e3 c6 8. Qb3 Be7 9. Be2 Nbd7 10. 0-0 Nb6 11. Bg3 dxc4 12. Bxc4 Nxc4 13. Qxc4 Nh5 14. Ne2 Qb6 15. Qc2 Nxg3 16. Nxg3 c5 17. dxc5 Qxc5 18. Qxc5 Bxc5 19. Rfd1 f6 20. Ne4 Be7 21. Rac1 e5 22. b3 Bf5 23. Ng3 Bc8 1/2-1/2

[Event "Mittelfranken-chTB2b 1112"]
[Site "Germany"]
[Date "2012.02.05"]
[Round "6.8"]
[White "Ruderer, Maximilian"]
[Black "Junker, Christian"]
[Result "1/2-1/2"]
[WhiteElo "1604"]
[BlackElo "1685"]
[PlyCount "32"]
[EventDate "2011.09.25"]
[EventType "team-tourn"]
[EventRounds "9"]
[EventCountry "GER"]
[SourceTitle "EXT 2013"]
[Source "ChessBase"]
[SourceDate "2012.11.22"]
[SourceVersion "1"]
[SourceVersionDate "2012.11.22"]
[SourceQuality "1"]
[WhiteTeam "Heideck/Hilpoltstein"]
[BlackTeam "Neumarkt"]
[WhiteTeamCountry "GER"]
[BlackTeamCountry "GER"]

1. e4 c5 2. Bc4 Nc6 3. Ne2 Nf6 4. Nbc3 Ne5 5. Bb3 g6 6. d3 d6 7. Be3 Bg7 8. 0-0 0-0 9. h3 Bd7 10. Ng3 Qc8 11. Kh2 c4 12. Ba4 Bxa4 13. Nxa4 Qc6 14. Nc3 b5 15. Nce2 d5 16. Nd4 Qd7 1/2-1/2